| 000 | 00537nam a2200205 a 4500 | ||
|---|---|---|---|
| 001 | BRCA_5898 | ||
| 005 | 20190320205245.0 | ||
| 008 | 170311s1918----gw-#######---#000-1#ger-# | ||
| 041 | _ager | ||
| 044 | _agw | ||
| 050 | 4 |
_aPT2631 _pO64 _b.I67 _c1918 |
|
| 100 | 1 |
_aPonten, Josef. _914918 |
|
| 245 | 1 | 0 |
_aDie Insel : Novelle. _cvon Josef Ponten. |
| 260 |
_aLeipzig, Alemania _bP. Reclam. _c1918 |
||
| 300 |
_a93 p. _c16 cm. |
||
| 440 | 0 |
_aReclams universal Bibliothek _vnÂș6261 _914919 |
|
| 500 | _aH139 | ||
| 902 | _aGFM | ||
| 942 |
_2lcc _cB |
||
| 999 |
_c5587 _d5587 |
||